| 000 | 02155nam a22003015i 4500 | ||
|---|---|---|---|
| 001 | 22090765 | ||
| 005 | 20260606144104.0 | ||
| 008 | 210617s2021 cau 000 0 eng | ||
| 010 | _a 2021941467 | ||
| 020 |
_z9789391138332 _q(epub) |
||
| 020 |
_z9789391138387 _q(ebook) |
||
| 035 | _a22090765 | ||
| 040 |
_aDLC _beng _erda _cDLC |
||
| 042 | _apcc | ||
| 082 | _a658.4092 | ||
| 110 | 2 |
_aSAGE Publications India Pvt Ltd (Thousand Oaks, California), _eauthor. |
|
| 245 | 1 | 0 |
_aTimeless leadership / _cSAGE Publications India Pvt Ltd. |
| 263 | _a2107 | ||
| 264 | 1 |
_aThousand Oaks : _bSAGE Publications India Pvt Ltd, _c2021. |
|
| 336 |
_atext _btxt _2rdacontent |
||
| 337 |
_aunmediated _bn _2rdamedia |
||
| 338 |
_avolume _bnc _2rdacarrier |
||
| 520 |
_a"With an aim to inspire the you leaders of India for a better today and tomorrow, Timeless Leadership forms an effective bridge between classical wisdom and modern-day leadership skills. The book applies wisdom across a host of areas including acquiring power and the related responsibilities of a leader, decision-making, nurturing people, ethics in business, combating competition and pitfalls a leader should avoid. Gain from this timeless source of knowledge and discover the Leader in you. SAGE Back to Basics is a distilled compilation of proven and timeless ideas and best practices for new-age and experienced leaders alike. The hand-picked collection of books-on management, leadership, entrepreneurship, branding and CSR-offer advice from management experts whose knowledge and research has impacted and shaped business and management education. Other books in the series: Timeless Leadership | Timeless Management | Leadership Lessons from Dr Pritam Singh Corporate Social Responsibility in India | Basics of Entrepreneurship | Human Resource Development Insights Ideate, Brainstorm, Create | Building Professional Competencies | Soft Skills for Workplace Success"-- _cProvided by publisher. |
||
| 856 |
_uhttps://sk.sagepub.com/books/timeless-leadership _yRead SAGE E-Book |
||
| 906 |
_a0 _bibc _corignew _d2 _eepcn _f20 _gy-gencatlg |
||
| 942 |
_2ddc _cEBOOK |
||
| 999 |
_c44751 _d44751 |
||